เปลี่ยนเป็นภาษาไทย

Change to English
 แสดงรายละเอียดบรรณานุกรม
  กลับหน้าหลัก

Brief Record : Get Marc (ISO 2709) : E-mail record : QR code < ปิดหน้าต่าง
mysqli: Table './ulib62015/stat_globaluid' is marked as crashed and should be repaired
select id from stat_globaluid where statuid='20260517112431_127' 
mysqli: Table './ulib62015/stat_globaluid' is marked as crashed and should be repaired
DELETE FROM stat_globaluid
			WHERE id NOT IN (
			  SELECT id
			  FROM (
				SELECT id
				FROM stat_globaluid
				ORDER BY id DESC
				LIMIT 100
			  ) foo
			); 
mysqli: Table './ulib62015/stat_globaluid' is marked as crashed and should be repaired
insert into stat_globaluid set
		statuid='20260517112431_127',
		dt='1778991871',
		phpself='/ULIB62015/dublinfull.php',
		agent='Mozilla/5.0 AppleWebKit/537.36 (KHTML, like Gecko; compatible; ClaudeBot/1.0; +claudebot@anthropic.com)',
		yea='2026',
		mon='5',
		dat='17',
		ip='216.73.216.45'
		
		
mysqli: Table './ulib62015/stathist_viewbib_bib_type' is marked as crashed and should be repaired
insert into stathist_viewbib_bib_type set 
		dat='17' ,
		 mon='05' ,
		  yea='2026' ,
			 statuid='20260517112431_127' ,
			 head='13399120470' ,
			 foot='marc' ,
			 dt='1778991871' 
		
LEADER : 00000nam 2200000uu 4500
001    13399120470
003     ULIB
008    130123s||||||||th 000 0 tha d
020    ^a9786165514538
060  4 ^aWH120^bด994
245 00 ^aDiagnostic approach in hematology :^blaboratoryinterpretation and clinical correlation /^cบรรณาธิการนภชาญ เอื้อประเสริฐ
250    ^aพิมพ์ครั้งที่ 1
260    ^aกรุงเทพฯ :^bสาขาวิชาโลหิตวิทยา ภาควิชาอายุรศาสตร์คณะแพทยศาสตร์ จุฬาลงกรณ์มหาวิทยาลัย,^c2555
300    ^a392, [11] หน้า :^bภาพประกอบ
650  7 ^aโลหิตวิทยา
650  7 ^aเลือด, โรค^xการวินิจฉัย
650  7 ^aเลือด, โรค^xการวินิจฉัยโรคทางห้องปฏิบัติการ
650  7 ^aเลือด^xโรค^xการวินิจฉัย
700 0  ^aนภชาญ เอื้อประเสริฐ,^eบรรณาธิการ
710 2  ^aจุฬาลงกรณ์มหาวิทยาลัย.^bคณะแพทยศาสตร์.^bภาควิชาอายุรศาสตร์.^bสาขาวิชาโลหิตวิทยา
945    ^p550^l0^i020179
999     ^aยมมะณา จันทร์ฉิม
รายการนี้ยังไม่มีแท็ก
คุณยังไม่ได้ล็อกอิน คุณสามารถมีกิจกรรมร่วมกับเว็บไซต์ได้ แต่ต้องล็อกอินก่อน ::
  ล็อกอิน
  One Stop Service : ศูนย์ให้บริการแบบเบ็ดเสร็จ   จัดการหนังสือโปรด   แจ้งรายการบรรณานุกรมผิดพลาด
ลำดับที่ ประเภท เลขเรียก/บาร์โค้ด สถานที่ สถานะ
1. หนังสือ
หนังสือ
WH120 ด994  
  Barcode: 020179
หนังสือทั่วไป บนชั้น
  ขอยืม

รายการใกล้เคียง
    หัวเรื่อง [โลหิตวิทยา]

BibComment


ยังไม่เคยถูกคอมเมนท์

คอมเมนท์ทรัพยากรรายการนี้
  คอมเมนท์: Diagnostic appro..
Bib 13399120470

 
 
 

 Union Library Management : ULibM
Copyright 2026. All Rights Reserved.